[Event "Christmas Congress 1984/85-60 Premier"]
[Site "Hastings"]
[Date "1985.01.02"]
[Round "5"]
[White "Hebert, Jean"]
[Black "Kupreichik, Viktor D"]
[Result "0-1"]
[WhiteElo "2395"]
[BlackElo "2470"]
[PlyCount "64"]
[GameId "1114898592694272"]
[EventDate "1984.12.29"]
[EventType "tourn"]
[EventRounds "13"]
[EventCountry "ENG"]
[EventCategory "9"]
[SourceTitle "MCD"]
[Source "ChessBase"]
[SourceVersion "1"]
[SourceQuality "1"]

1. c4 e5 2. g3 Nc6 3. Bg2 d6 4. Nc3 Be6 5. d3 Qd7 6. e4 g6 7. h4 Bg7 8. Nge2 Nf6 9. Nd5 O-O 10. Nxf6+ Bxf6 11. h5 Bg7 12. Be3 Ne7 13. Qd2 c6 14. Bh6 Bxh6 15. Qxh6 f5 16. hxg6 Nxg6 17. Bh3 Rae8 18. exf5 Bxf5 19. Nc3 Re7 20. Rd1 d5 21. cxd5 cxd5 22. Bg2 Qe6 23. O-O Rg7 24. Rd2 Kh8 25. d4 e4 26. Nd1 Qa6 27. a3 Qa5 28. Nc3 Bg4 29. Kh2 Rf5 30. Qe3 Nf4 31. Rh1 Rh5+ 32. Kg1 Nxg2 0-1

[Event "Christmas Congress 1984/85-60 Premier"]
[Site "Hastings"]
[Date "1985.01.04"]
[Round "6"]
[White "Benjamin, Joel"]
[Black "Hebert, Jean"]
[Result "1-0"]
[WhiteElo "2540"]
[BlackElo "2395"]
[PlyCount "82"]
[GameId "1114898592710656"]
[EventDate "1984.12.29"]
[EventType "tourn"]
[EventRounds "13"]
[EventCountry "ENG"]
[EventCategory "9"]
[SourceTitle "MCD"]
[Source "ChessBase"]
[SourceVersion "1"]
[SourceQuality "1"]

1. e4 e5 2. Nf3 Nc6 3. Bb5 Bc5 4. c3 f5 5. d4 fxe4 6. Ng5 exd4 7. Nxe4 Be7 8. O-O d5 9. Qh5+ Kf8 10. Ng5 g6 11. Qf3+ Nf6 12. Re1 Kg7 13. Bxc6 bxc6 14. cxd4 Rf8 15. Qc3 Bd6 16. Nd2 Ng4 17. Ndf3 h6 18. Ne6+ Bxe6 19. Rxe6 Qd7 20. Re2 Rxf3 21. Qxf3 Bxh2+ 22. Kf1 Bd6 23. Kg1 Bh2+ 24. Kf1 Bd6 25. Ke1 Rf8 26. Qd3 Nf6 27. f3 Nh5 28. Kd1 Bf4 29. g4 Bxc1 30. gxh5 Bg5 31. Qxg6+ Kh8 32. Kc2 c5 33. Rae1 Qf5+ 34. Qxf5 Rxf5 35. dxc5 d4 36. Kd3 Be3 37. b4 Rxf3 38. Rxe3 dxe3 39. Rxe3 Rf7 40. Re6 Kg7 41. Rg6+ Kh7 1-0

[Event "Christmas Congress 1984/85-60 Premier"]
[Site "Hastings"]
[Date "1985.01.05"]
[Round "7"]
[White "Hebert, Jean"]
[Black "Gutman, Lev"]
[Result "0-1"]
[WhiteElo "2395"]
[BlackElo "2455"]
[PlyCount "56"]
[GameId "1114898592755712"]
[EventDate "1984.12.29"]
[EventType "tourn"]
[EventRounds "13"]
[EventCountry "ENG"]
[EventCategory "9"]
[SourceTitle "MCD"]
[Source "ChessBase"]
[SourceVersion "1"]
[SourceQuality "1"]

1. Nf3 Nf6 2. c4 g6 3. Nc3 d5 4. d4 Bg7 5. Bg5 Ne4 6. cxd5 Nxg5 7. Nxg5 e6 8. Nh3 exd5 9. Nf4 O-O 10. e3 c5 11. dxc5 d4 12. exd4 Bxd4 13. Be2 Nc6 14. O-O Qg5 15. g3 Bf5 16. Rc1 Rad8 17. Qb3 Be5 18. h4 Qh6 19. Ng2 Rd2 20. Qxb7 Nd4 21. Bc4 Qh5 22. f4 Bh3 23. Bd5 Bxg2 24. Bxg2 Rb8 25. Qe4 Rbxb2 26. Bh3 Bf6 27. f5 Nxf5 28. Rxf5 gxf5 0-1

[Event "Christmas Congress 1984/85-60 Premier"]
[Site "Hastings"]
[Date "1985.01.06"]
[Round "8"]
[White "Fedorowicz, John P"]
[Black "Hebert, Jean"]
[Result "1-0"]
[WhiteElo "2520"]
[BlackElo "2395"]
[PlyCount "69"]
[GameId "1114898592772096"]
[EventDate "1984.12.29"]
[EventType "tourn"]
[EventRounds "13"]
[EventCountry "ENG"]
[EventCategory "9"]
[SourceTitle "MCD"]
[Source "ChessBase"]
[SourceVersion "1"]
[SourceQuality "1"]

1. d4 Nf6 2. c4 e6 3. Nf3 Bb4+ 4. Bd2 Qe7 5. g3 Nc6 6. Bg2 Bxd2+ 7. Nbxd2 d6 8. O-O a5 9. e4 e5 10. d5 Nb8 11. Ne1 O-O 12. Nd3 Na6 13. b3 Nd7 14. a3 Ndc5 15. Nxc5 Nxc5 16. b4 Nd7 17. Nb3 b6 18. Qc2 g6 19. Rae1 f6 20. Qc3 axb4 21. axb4 Re8 22. Ra1 Bb7 23. Bh3 Nf8 24. Rxa8 Rxa8 25. Ra1 Qd8 26. c5 bxc5 27. bxc5 Rxa1+ 28. Qxa1 Qb8 29. Qa3 dxc5 30. Nxc5 Bc8 31. Bxc8 Qxc8 32. Qa2 Qd8 33. d6+ Kh8 34. d7 Kg7 35. Qe6 1-0

[Event "Christmas Congress 1984/85-60 Premier"]
[Site "Hastings"]
[Date "1985.01.07"]
[Round "9"]
[White "Hebert, Jean"]
[Black "Watson, William N"]
[Result "1/2-1/2"]
[WhiteElo "2395"]
[BlackElo "2460"]
[PlyCount "34"]
[GameId "1114898592813056"]
[EventDate "1984.12.29"]
[EventType "tourn"]
[EventRounds "13"]
[EventCountry "ENG"]
[EventCategory "9"]
[SourceTitle "MCD"]
[Source "ChessBase"]
[SourceVersion "1"]
[SourceQuality "1"]

1. Nf3 g6 2. d4 Nf6 3. c4 Bg7 4. Nc3 d6 5. e4 O-O 6. h3 e5 7. dxe5 dxe5 8. Qxd8 Rxd8 9. Bg5 Nbd7 10. O-O-O Rf8 11. Be3 c6 12. c5 Re8 13. Bc4 h6 14. b4 Bf8 15. Nd2 a5 16. a3 axb4 17. axb4 b6 1/2-1/2

[Event "Christmas Congress 1984/85-60 Premier"]
[Site "Hastings"]
[Date "1985.01.09"]
[Round "10"]
[White "Ravikumar, Vaidyanathan"]
[Black "Hebert, Jean"]
[Result "1-0"]
[WhiteElo "2370"]
[BlackElo "2395"]
[PlyCount "49"]
[GameId "1114898592841728"]
[EventDate "1984.12.29"]
[EventType "tourn"]
[EventRounds "13"]
[EventCountry "ENG"]
[EventCategory "9"]
[SourceTitle "MCD"]
[Source "ChessBase"]
[SourceVersion "1"]
[SourceQuality "1"]

1. e4 c5 2. Nf3 e6 3. d4 cxd4 4. Nxd4 Nf6 5. Nc3 d6 6. Be2 Nc6 7. Be3 Be7 8. O-O O-O 9. f4 e5 10. fxe5 dxe5 11. Nf5 Bxf5 12. Rxf5 g6 13. Rf2 Qxd1+ 14. Rxd1 Kg7 15. h3 Nd4 16. Rxd4 exd4 17. Bxd4 Rfd8 18. Nd5 Rac8 19. Nxe7 Rxd4 20. Nxc8 Nxe4 21. Rf3 a6 22. Nb6 Rd2 23. Bd3 Nc5 24. Nc4 Rd1+ 25. Rf1 1-0

[Event "Christmas Congress 1984/85-60 Premier"]
[Site "Hastings"]
[Date "1985.01.10"]
[Round "11"]
[White "Hebert, Jean"]
[Black "Sveshnikov, Evgeny"]
[Result "1/2-1/2"]
[WhiteElo "2395"]
[BlackElo "2530"]
[PlyCount "55"]
[GameId "1114898592870400"]
[EventDate "1984.12.29"]
[EventType "tourn"]
[EventRounds "13"]
[EventCountry "ENG"]
[EventCategory "9"]
[SourceTitle "MCD"]
[Source "ChessBase"]
[SourceVersion "1"]
[SourceQuality "1"]

1. Nf3 d5 2. c4 e6 3. b3 Nf6 4. g3 Bd6 5. Bb2 O-O 6. Bg2 b6 7. O-O Bb7 8. Nc3 a6 9. e3 Nbd7 10. Qe2 Re8 11. d4 dxc4 12. bxc4 e5 13. Qc2 Qe7 14. Rad1 exd4 15. exd4 Qf8 16. Ng5 Bxg2 17. Kxg2 Ba3 18. Bxa3 Qxa3 19. Rfe1 Rxe1 20. Rxe1 h6 21. Nf3 c5 22. Qb3 Qa5 23. d5 b5 24. Ne4 bxc4 25. Nxf6+ Nxf6 26. Qxc4 Rd8 27. d6 Qb5 28. Rc1 1/2-1/2

[Event "Christmas Congress 1984/85-60 Premier"]
[Site "Hastings"]
[Date "1985.01.11"]
[Round "12"]
[White "Farago, Ivan"]
[Black "Hebert, Jean"]
[Result "1/2-1/2"]
[WhiteElo "2495"]
[BlackElo "2395"]
[PlyCount "87"]
[GameId "1114898592886784"]
[EventDate "1984.12.29"]
[EventType "tourn"]
[EventRounds "13"]
[EventCountry "ENG"]
[EventCategory "9"]
[SourceTitle "MCD"]
[Source "ChessBase"]
[SourceVersion "1"]
[SourceQuality "1"]

1. d4 Nf6 2. c4 e6 3. Nf3 Bb4+ 4. Bd2 Qe7 5. g3 Nc6 6. Nc3 d5 7. a3 Bxc3 8. Bxc3 O-O 9. Bg2 Rd8 10. O-O a5 11. Rc1 Ne4 12. Qc2 a4 13. Rfd1 Bd7 14. e3 Be8 15. Ne1 Nxc3 16. Qxc3 dxc4 17. Qxc4 Rdc8 18. Nd3 Na5 19. Qb4 Qxb4 20. axb4 Nc6 21. Rc3 Nd8 22. Ra1 Ra7 23. Rca3 b5 24. Bf3 Bc6 25. Bd1 Rb7 26. b3 axb3 27. Bxb3 Rbb8 28. Nc5 Ra8 29. Ra5 Rxa5 30. bxa5 Nb7 31. Nxe6 Ra8 32. Nxc7 Rxa5 33. Rc1 Bd7 34. Bd5 Nd6 35. Bc6 Bf5 36. f3 Bd3 37. Nd5 g5 38. e4 Kg7 39. Nb4 Bc4 40. Bd7 Ra3 41. e5 Nb7 42. Bc6 Na5 43. Be4 Nb3 44. Nc2 1/2-1/2

[Event "Christmas Congress 1984/85-60 Premier"]
[Site "Hastings"]
[Date "1985.01.13"]
[Round "13"]
[White "Hebert, Jean"]
[Black "Djuric, Stefan"]
[Result "0-1"]
[WhiteElo "2395"]
[BlackElo "2470"]
[PlyCount "91"]
[GameId "1114898592927744"]
[EventDate "1984.12.29"]
[EventType "tourn"]
[EventRounds "13"]
[EventCountry "ENG"]
[EventCategory "9"]
[SourceTitle "MCD"]
[Source "ChessBase"]
[SourceVersion "1"]
[SourceQuality "1"]

1. d4 Nf6 2. Nf3 e6 3. e3 c5 4. Bd3 Nc6 5. O-O d5 6. b3 Be7 7. Nbd2 O-O 8. Re1 b6 9. a3 Bb7 10. Bb2 Rc8 11. Rc1 Rc7 12. c4 dxc4 13. bxc4 Na5 14. Qe2 Qa8 15. Red1 g6 16. Rb1 Rfc8 17. Ne5 cxd4 18. Bxd4 Nc6 19. Nxc6 Bxc6 20. f3 Nd7 21. Ra1 Nc5 22. Bc2 f6 23. a4 e5 24. Bxc5 Bxc5 25. Ne4 Be7 26. a5 bxa5 27. Rxa5 Kg7 28. Nd6 Rb8 29. c5 Rb4 30. Qd2 Qb8 31. Qc3 Bd7 32. h3 Bc6 33. Qa3 Bd7 34. Qc3 Kf8 35. g4 Be6 36. Kg2 Rc6 37. Be4 Rb3 38. Qa1 Rc7 39. Rb1 Qb4 40. Rxb3 Bxb3 41. Nb7 Qd2+ 42. Kh1 Bd5 43. Rxa7 Bxe4 44. fxe4 Qxe3 45. Kh2 Qf4+ 46. Kg1 0-1

[Event "San Mateo rapid"]
[Site "San Mateo"]
[Date "1989.??.??"]
[Round "?"]
[White "Christiansen, Larry Mark"]
[Black "Hebert, Jean"]
[Result "1-0"]
[WhiteElo "2530"]
[BlackElo "2420"]
[PlyCount "61"]
[GameId "1166636498644992"]
[EventDate "1989.??.??"]
[EventType "swiss (rapid)"]
[EventRounds "7"]
[EventCountry "PUR"]
[SourceTitle "EXT 1997"]
[Source "ChessBase"]
[SourceDate "1996.11.15"]
[SourceVersion "1"]
[SourceVersionDate "1996.11.15"]
[SourceQuality "1"]

1. c4 Nf6 2. Nc3 e6 3. e4 d5 4. e5 Nfd7 5. cxd5 Nxe5 6. d4 Ng6 7. dxe6 Bxe6 8. d5 Bd7 9. Bd3 Be7 10. Qh5 O-O 11. Nf3 Be8 12. O-O Nd7 13. Ne4 Nf6 14. Nxf6+ Bxf6 15. Re1 c6 16. Bd2 Qd6 17. Rad1 cxd5 18. Ng5 Bxg5 19. Bxg5 f6 20. Bd2 Bf7 21. Re3 Rfe8 22. Rh3 Nf8 23. Bxh7+ Nxh7 24. Qxh7+ Kf8 25. Rg3 g5 26. h4 Bg8 27. Qh6+ Ke7 28. Qg7+ Kd8 29. hxg5 Qe7 30. gxf6 Qd7 31. Qxg8 1-0

[Event "San Mateo rapid"]
[Site "San Mateo"]
[Date "1989.??.??"]
[Round "?"]
[White "De Firmian, Nick E"]
[Black "Hebert, Jean"]
[Result "1-0"]
[WhiteElo "2570"]
[BlackElo "2420"]
[PlyCount "46"]
[GameId "1165542560419840"]
[EventDate "1989.??.??"]
[EventType "swiss (rapid)"]
[EventRounds "7"]
[EventCountry "PUR"]
[SourceTitle "EXT 1997"]
[Source "ChessBase"]
[SourceDate "1996.11.15"]
[SourceVersion "1"]
[SourceVersionDate "1996.11.15"]
[SourceQuality "1"]

1. e4 e6 2. d4 d5 3. Nc3 Bb4 4. e5 Ne7 5. a3 Bxc3+ 6. bxc3 c5 7. Nf3 Nbc6 8. Be2 Qa5 9. Bd2 Bd7 10. O-O c4 11. Ng5 h6 12. Nh3 O-O-O 13. Nf4 g6 14. a4 Rdf8 15. Bg4 h5 16. Bh3 f5 17. exf6 Rxf6 18. Re1 Nd8 19. Ne2 Nf7 20. Qc1 Rf8 21. f3 Nf5 22. Qa3 Re8 23. Bxf5 Rxf5 1-0

[Event "San Mateo rapid"]
[Site "San Mateo"]
[Date "1989.??.??"]
[Round "?"]
[White "Hebert, Jean"]
[Black "Vucic, Mladen"]
[Result "1/2-1/2"]
[WhiteElo "2420"]
[BlackElo "2395"]
[PlyCount "93"]
[GameId "1166636498706432"]
[EventDate "1989.??.??"]
[EventType "swiss (rapid)"]
[EventRounds "7"]
[EventCountry "PUR"]
[SourceTitle "EXT 1997"]
[Source "ChessBase"]
[SourceDate "1996.11.15"]
[SourceVersion "1"]
[SourceVersionDate "1996.11.15"]
[SourceQuality "1"]

1. d4 d5 2. Nf3 Nf6 3. Bg5 e6 4. e3 Be7 5. c4 O-O 6. Nc3 h6 7. Bxf6 Bxf6 8. Qb3 c6 9. Rd1 Nd7 10. Bd3 Qb6 11. Qc2 dxc4 12. Bxc4 e5 13. d5 Qb4 14. Nd2 Nb6 15. a3 Qe7 16. dxc6 bxc6 17. Be2 g6 18. O-O Bg7 19. Nc4 Nxc4 20. Bxc4 Bf5 21. e4 Bg4 22. Rd3 Rad8 23. h3 Rxd3 24. Bxd3 Be6 25. Na4 Rd8 26. Nc5 Bc8 27. b4 Qg5 28. Qc1 Bf8 29. Qxg5 hxg5 30. Rd1 Bxc5 31. bxc5 Ba6 32. Be2 Rxd1+ 33. Bxd1 Bd3 34. f3 Kf8 35. Kf2 Ke7 36. Be2 Bb5 37. Ke3 Kd7 38. g3 f6 39. Bd1 Ke7 40. Bb3 Bf1 41. h4 gxh4 42. gxh4 Kf8 43. f4 Ke7 44. Ba4 Bb5 45. Bc2 Bc4 46. f5 gxf5 47. exf5 1/2-1/2

[Event "San Mateo rapid"]
[Site "San Mateo"]
[Date "1989.??.??"]
[Round "?"]
[White "Tomkins, Ken"]
[Black "Hebert, Jean"]
[Result "0-1"]
[WhiteElo "2295"]
[BlackElo "2420"]
[PlyCount "84"]
[GameId "1166636498808832"]
[EventDate "1989.??.??"]
[EventType "swiss (rapid)"]
[EventRounds "7"]
[EventCountry "PUR"]
[SourceTitle "EXT 1997"]
[Source "ChessBase"]
[SourceDate "1996.11.15"]
[SourceVersion "1"]
[SourceVersionDate "1996.11.15"]
[SourceQuality "1"]

1. e4 g6 2. d4 Bg7 3. Nc3 c6 4. Nf3 b5 5. Bd3 d6 6. h3 Nd7 7. Be3 a6 8. a4 b4 9. Ne2 c5 10. Qd2 Qc7 11. Nf4 Ngf6 12. O-O Bb7 13. Ng5 O-O 14. d5 Ne5 15. c4 bxc3 16. bxc3 Qa5 17. h4 h6 18. Nf3 Neg4 19. h5 g5 20. Ne2 Nh7 21. Rab1 Bc8 22. Qc2 Nhf6 23. Ng3 Nxe3 24. fxe3 Ng4 25. Qe2 Qxc3 26. e5 c4 27. Bxc4 Qxe3+ 28. Qxe3 Nxe3 29. Rfc1 g4 30. exd6 gxf3 31. dxe7 Re8 32. d6 Bd4 33. Bd3 Nf5+ 34. Kh2 Nxd6 35. Re1 f2 36. Re2 Bg4 37. Rd2 Be3 38. Bh7+ Kxh7 39. Rxd6 Rxe7 40. Rb4 Be2 41. Nf5 f1=Q 42. Rxh6+ Bxh6 0-1

[Event "New York op"]
[Site "New York"]
[Date "1989.??.??"]
[Round "1"]
[White "Arnason, Jon Loftur"]
[Black "Hebert, Jean"]
[Result "1/2-1/2"]
[WhiteElo "2550"]
[BlackElo "2420"]
[PlyCount "68"]
[GameId "1166636532846592"]
[EventDate "1989.03.??"]
[EventType "swiss"]
[EventRounds "9"]
[EventCountry "USA"]
[SourceTitle "CBM 012"]
[Source "ChessBase"]
[SourceDate "2004.01.01"]
[SourceVersion "1"]
[SourceVersionDate "2004.01.01"]
[SourceQuality "1"]

1. e4 g6 2. d4 Bg7 3. Nc3 c6 4. f4 d5 5. e5 h5 6. Be3 Nh6 7. Nf3 Qb6 8. Na4 Qa5+ 9. c3 Bf5 10. Nc5 Nd7 11. Nxb7 Qb6 12. Qb3 Be4 13. Ng5 Nf5 14. Bc1 e6 15. Nc5 Nxc5 16. Qxb6 axb6 17. dxc5 bxc5 18. Nxe4 dxe4 19. g3 f6 20. exf6 Bxf6 21. Bg2 Ra4 22. Kf2 h4 23. Bd2 Kf7 24. b3 Rd8 25. Ke2 e3 26. Be1 Ra6 27. g4 Ne7 28. Kxe3 Nd5+ 29. Bxd5 cxd5 30. Kd3 Rda8 31. g5 Bg7 32. a4 c4+ 33. Kc2 cxb3+ 34. Kxb3 Rb8+ 1/2-1/2

[Event "New York op"]
[Site "New York"]
[Date "1989.??.??"]
[Round "7"]
[White "Pinto, Mark A"]
[Black "Hebert, Jean"]
[Result "0-1"]
[WhiteElo "2210"]
[BlackElo "2420"]
[PlyCount "80"]
[GameId "1166636533993472"]
[EventDate "1989.03.??"]
[EventType "swiss"]
[EventRounds "9"]
[EventCountry "USA"]
[SourceTitle "CBM 012"]
[Source "ChessBase"]
[SourceDate "2004.01.01"]
[SourceVersion "1"]
[SourceVersionDate "2004.01.01"]
[SourceQuality "1"]

1. e4 e6 2. d4 d5 3. Nc3 Bb4 4. e5 b6 5. Qg4 Bf8 6. Bg5 Qd7 7. O-O-O h6 8. Be3 Ne7 9. Bd3 Ba6 10. f4 Bxd3 11. Rxd3 Nf5 12. Nge2 Nc6 13. Bf2 O-O-O 14. Qh3 g6 15. g4 Ng7 16. Bh4 Be7 17. Bxe7 Qxe7 18. Qg2 Na5 19. Kb1 Kb8 20. Rf1 h5 21. h3 c6 22. Nd1 f5 23. exf6 Qxf6 24. Ne3 Nb7 25. c4 hxg4 26. hxg4 Qh4 27. Rc1 Qh2 28. Qf1 Ne8 29. Ra3 Nbd6 30. Qd1 dxc4 31. Qa4 Nb5 32. Qxc4 Nxa3+ 33. bxa3 Nd6 34. Qa6 Nb5 35. Nc3 Nxc3+ 36. Rxc3 Qxf4 37. Nc4 Rh1+ 38. Kb2 Qe4 39. a4 Rb1+ 40. Ka3 Qxd4 0-1

[Event "Lloyds Bank op 14th"]
[Site "London"]
[Date "1990.??.??"]
[Round "?"]
[White "Chandler, Murray G"]
[Black "Hebert, Jean"]
[Result "1-0"]
[WhiteElo "2585"]
[BlackElo "2405"]
[PlyCount "91"]
[GameId "1166636822798336"]
[EventDate "1990.08.??"]
[EventType "swiss"]
[EventRounds "10"]
[EventCountry "ENG"]
[SourceTitle "EXT 1997"]
[Source "ChessBase"]
[SourceDate "1996.11.15"]
[SourceVersion "1"]
[SourceVersionDate "1996.11.15"]
[SourceQuality "1"]

1. e4 g6 2. d4 c6 3. f4 d5 4. e5 h5 5. Nf3 Nh6 6. c3 Bf5 7. Nbd2 e6 8. Be2 c5 9. Qb3 Qc7 10. c4 Nc6 11. O-O cxd4 12. cxd5 exd5 13. Bb5 Qb6 14. Qxd5 Be6 15. Bxc6+ bxc6 16. Qe4 Nf5 17. Qd3 Rd8 18. b3 Bb4 19. Ne4 Kf8 20. Bb2 Bc3 21. Rf2 Bxb2 22. Rxb2 Bc8 23. h3 Ba6 24. Qd2 d3+ 25. Kh2 Nd4 26. Nfg5 Kg7 27. Nd6 Rxd6 28. exd6 c5 29. Ne4 f5 30. Nf2 Qxd6 31. Nxd3 Bxd3 32. Qxd3 Qxf4+ 33. Qg3 Qxg3+ 34. Kxg3 Kf6 35. Rc1 h4+ 36. Kf2 Ne6 37. Rd2 Rh7 38. Rd6 Ke5 39. Ra6 Ng5 40. Ke3 Ne6 41. Kf2 Ng5 42. Rxg6 Ne4+ 43. Ke3 Rd7 44. Rf1 Ng3 45. Rf4 Ne2 46. Rc4 1-0

[Event "Olympiad-29"]
[Site "Novi Sad"]
[Date "1990.11.17"]
[Round "1"]
[White "Tumurhuyag, Nyamaa"]
[Black "Hebert, Jean"]
[Result "1-0"]
[WhiteElo "2360"]
[BlackElo "2420"]
[PlyCount "79"]
[GameId "1195622190563328"]
[EventDate "1990.11.17"]
[EventType "team-swiss"]
[EventRounds "14"]
[EventCountry "YUG"]
[SourceTitle "EXT 2019"]
[Source "ChessBase"]
[SourceDate "2018.10.10"]
[SourceVersion "1"]
[SourceVersionDate "2018.10.10"]
[SourceQuality "1"]
[WhiteTeam "Mongolia"]
[BlackTeam "Canada"]
[WhiteTeamCountry "MGL"]
[BlackTeamCountry "CAN"]

1. e4 g6 2. d4 c6 3. Nc3 d5 4. exd5 cxd5 5. Bf4 Bg7 6. Nf3 Nf6 7. Be2 O-O 8. O-O Ne4 9. Nxe4 dxe4 10. Ne5 f6 11. Bc4+ e6 12. Ng4 Nc6 13. c3 h5 14. Ne3 g5 15. Bxg5 fxg5 16. Qxh5 Qe7 17. Qg6 Bd7 18. Qxe4 Rf4 19. Qc2 Rc8 20. Qe2 Rcf8 21. Rae1 Qd6 22. h3 Be8 23. Ng4 Bf7 24. Bxe6 Nd8 25. Bxf7+ Nxf7 26. Qc4 Qd7 27. Re2 b5 28. Qb3 Kh8 29. Rfe1 Nd6 30. Re7 Qf5 31. Qe6 Nc4 32. Qxf5 R8xf5 33. b3 Nb2 34. Rxa7 b4 35. cxb4 Bxd4 36. Re8+ Rf8 37. Rxf8+ Rxf8 38. Rd7 Bg7 39. Rd5 Rc8 40. b5 1-0

[Event "Olympiad-29"]
[Site "Novi Sad"]
[Date "1990.11.18"]
[Round "2"]
[White "Hebert, Jean"]
[Black "Nishimura, Hiroyuki"]
[Result "1-0"]
[WhiteElo "2420"]
[BlackElo "2205"]
[PlyCount "113"]
[GameId "1195622192582656"]
[EventDate "1990.11.17"]
[EventType "team-swiss"]
[EventRounds "14"]
[EventCountry "YUG"]
[SourceTitle "EXT 2019"]
[Source "ChessBase"]
[SourceDate "2018.10.10"]
[SourceVersion "1"]
[SourceVersionDate "2018.10.10"]
[SourceQuality "1"]
[WhiteTeam "Canada"]
[BlackTeam "Japan"]
[WhiteTeamCountry "CAN"]
[BlackTeamCountry "JPN"]

1. d4 f5 2. g3 Nf6 3. Bg2 e6 4. Nf3 Be7 5. O-O O-O 6. Nbd2 d6 7. Re1 Ne4 8. Nxe4 fxe4 9. Nd2 d5 10. f3 exf3 11. exf3 c5 12. Nb3 cxd4 13. Nxd4 Qb6 14. Kh1 Bf6 15. Nb3 Nc6 16. c3 d4 17. cxd4 Bxd4 18. Nxd4 Qxd4 19. Qb3 Na5 20. Qc2 e5 21. Be3 Qc4 22. Qxc4+ Nxc4 23. Bc5 Rd8 24. b3 Nb2 25. Be7 Rd2 26. Bg5 Rc2 27. Rxe5 Bd7 28. Rd5 Bc6 29. Rd2 Rxd2 30. Bxd2 Re8 31. Re1 Rd8 32. Be3 Nd3 33. Rf1 Re8 34. Bxa7 Ra8 35. Bd4 Rxa2 36. Kg1 Rc2 37. Rb1 Nc1 38. Be3 Ne2+ 39. Kh1 Rc3 40. Ba7 Bxf3 41. Bxf3 Rxf3 42. Re1 Nxg3+ 43. hxg3 Rxb3 44. Kg2 Kf7 45. Rc1 Rb4 46. Rc7+ Kg6 47. Rd7 b6 48. Kh3 h5 49. Rd6+ Kf5 50. Rxb6 Ra4 51. Rb5+ Ke6 52. Bb8 g6 53. Bf4 Ra2 54. Kh4 Ra6 55. Kg5 Kf7 56. Rb7+ Kg8 57. Rd7 1-0

[Event "Olympiad-29"]
[Site "Novi Sad"]
[Date "1990.11.19"]
[Round "3"]
[White "Hebert, Jean"]
[Black "Rechlis, Gad"]
[Result "1-0"]
[WhiteElo "2420"]
[BlackElo "2505"]
[PlyCount "127"]
[GameId "1195622194126848"]
[EventDate "1990.11.17"]
[EventType "team-swiss"]
[EventRounds "14"]
[EventCountry "YUG"]
[SourceTitle "EXT 2019"]
[Source "ChessBase"]
[SourceDate "2018.10.10"]
[SourceVersion "1"]
[SourceVersionDate "2018.10.10"]
[SourceQuality "1"]
[WhiteTeam "Canada"]
[BlackTeam "Israel"]
[WhiteTeamCountry "CAN"]
[BlackTeamCountry "ISR"]

1. c4 g6 2. Nc3 c5 3. Nf3 Bg7 4. e3 Nf6 5. a3 Nc6 6. Rb1 d5 7. cxd5 Nxd5 8. Bc4 Nb6 9. Bb5 O-O 10. O-O Qc7 11. Re1 Rd8 12. h3 a6 13. Bf1 c4 14. d4 cxd3 15. Bxd3 Ne5 16. Nxe5 Bxe5 17. Qe2 Be6 18. Ne4 Bb3 19. Nc3 Rac8 20. Bc2 Bxc2 21. Qxc2 Nc4 22. Ne4 Qa5 23. Qe2 Qb5 24. b3 f5 25. Ng5 Bc3 26. a4 Qb4 27. Rd1 Rxd1+ 28. Qxd1 Qd6 29. Qxd6 Nxd6 30. Ba3 Bf6 31. Bxd6 exd6 32. Nf3 Kf7 33. Rd1 Rc3 34. Rxd6 Rxb3 35. Rd7+ Be7 36. g4 Ke8 37. Rd4 Bf6 38. Rf4 fxg4 39. hxg4 Ke7 40. g5 Bg7 41. Rh4 Kf7 42. Rxh7 Rb4 43. Rh4 Rxh4 44. Nxh4 a5 45. Kf1 b5 46. axb5 Ke8 47. Nf3 a4 48. Ke2 a3 49. Ne1 a2 50. Nc2 Kd7 51. Kd3 Kd6 52. Kc4 Bb2 53. b6 a1=Q 54. Nxa1 Bxa1 55. Kb5 Kd7 56. Ka6 Be5 57. Ka7 Ke6 58. f4 Bd6 59. b7 Kf5 60. b8=Q Bxb8+ 61. Kxb8 Ke4 62. Kc7 Kxe3 63. f5 gxf5 64. g6 1-0

[Event "Olympiad-29"]
[Site "Novi Sad"]
[Date "1990.11.21"]
[Round "5"]
[White "Hellers, Ferdinand"]
[Black "Hebert, Jean"]
[Result "1-0"]
[WhiteElo "2520"]
[BlackElo "2420"]
[PlyCount "39"]
[GameId "1195622197743616"]
[EventDate "1990.11.17"]
[EventType "team-swiss"]
[EventRounds "14"]
[EventCountry "YUG"]
[SourceTitle "EXT 2019"]
[Source "ChessBase"]
[SourceDate "2018.10.10"]
[SourceVersion "1"]
[SourceVersionDate "2018.10.10"]
[SourceQuality "1"]
[WhiteTeam "Sweden"]
[BlackTeam "Canada"]
[WhiteTeamCountry "SWE"]
[BlackTeamCountry "CAN"]

1. e4 e6 2. d4 d5 3. Nc3 Bb4 4. e5 c5 5. a3 Bxc3+ 6. bxc3 Ne7 7. Nf3 Nbc6 8. Be2 Qa5 9. Bd2 Bd7 10. O-O cxd4 11. cxd4 Qa4 12. Rb1 b6 13. Bb5 Qxa3 14. Rb3 Qa2 15. Qc1 Nxe5 16. Nxe5 Bxb5 17. Ra3 Qxa3 18. Qxa3 f6 19. Rb1 fxe5 20. Rxb5 1-0

[Event "Olympiad-29"]
[Site "Novi Sad"]
[Date "1990.11.29"]
[Round "11"]
[White "Hebert, Jean"]
[Black "Garcia, Gildardo"]
[Result "0-1"]
[WhiteElo "2420"]
[BlackElo "2445"]
[PlyCount "136"]
[GameId "1195622208860160"]
[EventDate "1990.11.17"]
[EventType "team-swiss"]
[EventRounds "14"]
[EventCountry "YUG"]
[SourceTitle "EXT 2019"]
[Source "ChessBase"]
[SourceDate "2018.10.10"]
[SourceVersion "1"]
[SourceVersionDate "2018.10.10"]
[SourceQuality "1"]
[WhiteTeam "Canada"]
[BlackTeam "Colombia"]
[WhiteTeamCountry "CAN"]
[BlackTeamCountry "COL"]

1. d4 d5 2. c4 e6 3. Nc3 Nf6 4. Nf3 Be7 5. Bg5 h6 6. Bxf6 Bxf6 7. Qc2 O-O 8. e3 Na6 9. Rc1 c5 10. dxc5 Nxc5 11. b4 Na6 12. a3 Nc7 13. Be2 dxc4 14. Bxc4 b6 15. O-O Bb7 16. Ne4 Nd5 17. Nxf6+ Qxf6 18. Qe4 a5 19. Bd3 g6 20. b5 Rfd8 21. Qe5 Kg7 22. Rc4 Rac8 23. Rfc1 Rxc4 24. Rxc4 Ne7 25. Be2 Bxf3 26. Qxf6+ Kxf6 27. Bxf3 Rc8 28. Rf4+ Ke5 29. g4 f5 30. Rd4 Rc5 31. a4 g5 32. h3 Nd5 33. Bxd5 exd5 34. gxf5 Kxf5 35. Kg2 Ke5 36. Kf3 h5 37. Rd1 Rc4 38. Rg1 Kf6 39. Rd1 g4+ 40. hxg4 hxg4+ 41. Kg3 Ke5 42. Rh1 Rxa4 43. Rh6 d4 44. exd4+ Kxd4 45. Rxb6 Kc5 46. Rh6 Rb4 47. b6 a4 48. b7 Rxb7 49. Kxg4 Rg7+ 50. Kf4 Ra7 51. Rh1 Kd4 52. Kg5 Ra5+ 53. Kg6 Ke4 54. Ra1 a3 55. Ra2 Kf4 56. Kf6 Ra6+ 57. Ke7 Ke5 58. Re2+ Kd4 59. Ra2 Kc3 60. f4 Kd4 61. f5 Ke5 62. Kd7 Kxf5 63. Kc7 Ke5 64. Kb7 Ra4 65. Kb6 Kd4 66. Kb5 Ra8 67. Kb4 Rb8+ 68. Ka4 Kc3 0-1